Vista normal
Vista MARC
Entrada Topical Term
Número de registros utilizados en: 1
001 - CONTROL NUMBER
- control field: 2534
003 - CONTROL NUMBER IDENTIFIER
- control field: OSt
005 - DATE AND TIME OF LATEST TRANSACTION
- control field: 20200406131455.0
008 - FIXED-LENGTH DATA ELEMENTS
- fixed length control field: 200406|| aca||aabn | a|a d
040 ## - CATALOGING SOURCE
- Original cataloging agency: OSt
- Transcribing agency: OSt
150 ## - HEADING--TOPICAL TERM
- Topical term or geographic name entry element: Ética pública
670 ## - SOURCE DATA FOUND
- Source citation: Work cat.: (OSt)4946: Barbosa Ramírez, David, autor 2532, Ética y entornos del directivo de agencia estatal /, 2008